|
|
|
|
| LEADER |
00000nab a2200000uu 4500 |
| 001 |
vtls011144645 |
| 003 |
SK-MaSNL |
| 005 |
20260303195124.0 |
| 008 |
230218|2010 xo |||||||||||||||||cze| |
| 015 |
|
|
|a SNBRB
|
| 035 |
|
|
|a (urnnbn)urn:nbn:sk:snk:ar-008i19
|
| 035 |
|
|
|a (uuid)619fc639-5130-4c33-a960-379db1ba894a
|
| 035 |
|
|
|a urn:nbn:sk:snk-abavme
|
| 040 |
|
|
|a SNKBUCL
|b slo
|c SNKBUCL
|e AACR2
|
| 041 |
0 |
|
|a cze
|
| 044 |
|
|
|a xo
|c SK
|
| 100 |
1 |
|
|a Janečková, Eva
|4 aut
|9 544563
|
| 245 |
1 |
0 |
|a VÝVOJ PSYCHIATRICKÉ PÉČE V ČR :
|b VÝVOJ SÍTĚ AMBULANTNÍCH A LŮŽKOVÝCH PSYCHIATRICKÝCH ZAŘÍZENÍ
|c Eva Janečková, František Faltus, Martin Anders
|
| 700 |
1 |
|
|a Faltus, František,
|d 1930-2015
|4 aut
|9 232645
|
| 700 |
1 |
|
|a Anders, Martin,
|d 1970-
|4 aut
|9 24124
|
| 773 |
0 |
|
|t Česká a slovenská psychiatrie : Časopis české psychiatrické společnosti a slovenskej psychiatrickej spoločnosti
|g Roč. 106, č. 6 (2010), s. 366-371
|
| 954 |
|
|
|a odborná, vedecká literatúra cudzojazyčná (svetová)
|2 lita
|
| 958 |
|
|
|a OND
|
| 958 |
|
|
|a EUIPO
|
| 958 |
|
|
|a article14
|
| 999 |
|
|
|c 2161021
|d 2162951
|